| 000 | 01292nam0a22002891 4500 | ||
|---|---|---|---|
| 001 | rc\4001258 | ||
| 005 | 20130415124429.2 | ||
| 021 |
_aRU _b[57-1517ж] |
||
| 035 | _a(NLR Aleph) 008073116 | ||
| 090 |
_a9075554 _c9075554 |
||
| 100 | _a20130415d1956 |||y0rusy50 ca | ||
| 101 | 0 | _arus | |
| 102 | _aRU | ||
| 105 | _aa z ||||| | ||
| 200 | 1 |
_aВопросы технологии переработки галургического сырья _e[Сборник статей] _fПод ред. В.В. Вязовова и Р.С. Роскиной |
|
| 210 |
_aЛенинград _cГосхимиздат. [Ленингр. отд-ние] _d1956 |
||
| 215 |
_a194 с. _cил. _d23 |
||
| 225 | 1 |
_aМинистерство химической промышленности СССР. Главхимпром. Труды Всесоюзного научно-исследовательского института галургии _vВып. 31 |
|
| 320 | _aБиблиогр. в конце статей | ||
| 606 |
_aГалургическое сырье _xПереработка _jСборники _2psbo |
||
| 702 | 1 |
_aВязов _bВ. В. _4340 |
|
| 702 | 1 |
_aРоскина _bР. С. _4340 |
|
| 801 | 0 |
_aRU _bNLR _gpsbo |
|
| 801 | 1 |
_aRU _bELAR _2rusmarc |
|
| 852 |
_aNLR _jП10/845 |
||
| 942 | _cBOOK | ||
| 980 | _aNB | ||